000 00850nam a2200301 a 4500
001 vtls000891138
003 NLI
005 20210627082857.0
008 110512s2000 maua 001 0 eng
020 _cRs. 395.00
039 9 _y201105122127
_zDatasoft
040 0 _aNLI
_beng
_cRetro_DSC 1
_eAACR2
041 0 _aeng
044 _amau
082 0 4 _a332.042
100 1 _aMelvin, Michael,
_d1948-
_9846995
245 1 0 _aInternational money and finance /
_cMichael Melvin
250 _a6th ed.
260 _aReading, Mass. :
_bAddison-Wesley,
_cc2000
300 _axvi, 269 p. :
_bill. ;
_c24 cm.
440 4 _aThe Addison-Wesley series in economics
_9846996
500 _aIncludes index
650 0 _aInternational finance
887 _a
901 _a539224
_b05.10.2001
902 _aE 332.042 M 498
999 _aVIRTUA40
_c731925
_d731925
942 _2ddc
_cBKS